White Foods by Picture - Statistics

General Stats
  • This quiz has been taken 198 times
  • The average score is 11 of 12
Answer Stats
Picture Hint Answer % Correct
Popcorn
100%
Coconut
99%
Egg
99%
Mushroom
98%
Onion
98%
Rice
97%
Marshmallow
95%
Garlic
94%
Cauliflower
92%
Be Specific Tofu
81%
Turnip
62%
Be Specific Parsnip
49%
No matching quizzes found
Score Distribution
Percent of People with Each Score
Percentile by Number Answered
Your Score History
You have not taken this quiz